000
00270nam a2200109Ia 4500
008
220204s9999 xx 000 0 und d
082
_a
065
_b
NIC
100
_a
Nickels, W G
245
0
_a
Marketing communications and promotions
260
_a
Ohio
_b
Grid
_c
1976
942
_c
BK
999
_c
34573
_d
34573